[Event "BPB Limburg open B"]
[Site "Maastricht"]
[Date "2015.05.24"]
[Round "4"]
[White "Fortenbacher, Florian"]
[Black "Jensen, Johnny"]
[Result "1/2-1/2"]
[WhiteElo "1678"]
[BlackElo "1853"]
[PlyCount "113"]
[EventDate "2015.05.22"]
[EventType "swiss"]
[EventRounds "7"]
[EventCountry "NED"]
[Source "P.Boonen"]
[SourceDate "2015.10.01"]

1. e4 e5 2. Nf3 Nc6 3. Bc4 Nf6 4. Ng5 d5 5. exd5 Na5 6. Bb5+ c6 7. dxc6 bxc6 8.
Be2 h6 9. Nf3 e4 10. Ng1 Bd6 11. d3 Qc7 12. Nc3 exd3 13. Qxd3 O-O 14. Qd1 Re8
15. Nf3 Bg4 16. Be3 Rad8 17. Qc1 Bxf3 18. gxf3 Nh5 19. Ne4 Nf4 20. Nxd6 Ng2+
21. Kf1 Nxe3+ 22. fxe3 Qxd6 23. Kf2 Qf6 24. Rg1 Qh4+ 25. Kg2 Qg5+ 26. Kf2 Qh4+
27. Kg2 Rd5 28. f4 Re6 29. Qe1 Qxe1 30. Raxe1 Rd2 31. Kf3 Rxc2 32. b4 Nc4 33.
Bd3 Rc3 34. Bxc4 Rxc4 35. Rb1 Rc2 36. Rbd1 Rxh2 37. Rd8+ Kh7 38. Rd7 Rh3+ 39.
Kf2 Rexe3 40. Rxf7 Rhf3+ 41. Kg2 Rg3+ 42. Kf2 Rxg1 43. Kxe3 Rg3+ 44. Kd4 Ra3
45. Kc5 a5 46. bxa5 Rxa5+ 47. Kxc6 Rxa2 48. Kd5 Ra6 49. Rb7 Rf6 50. Ke5 Kg6 51.
Ke4 Rf7 52. f5+ Kf6 53. Rb6+ Kg5 54. Rg6+ Kh5 55. Kf4 Rb7 56. Rg1 Rb4+ 57. Kf3
1/2-1/2

[Event "BPB Limburg open B"]
[Site "Maastricht"]
[Date "2015.05.24"]
[Round "4"]
[White "Frijling, Jeroen"]
[Black "Valstar, Jasper"]
[Result "1/2-1/2"]
[WhiteElo "1836"]
[BlackElo "1912"]
[PlyCount "55"]
[EventDate "2015.05.22"]
[EventType "swiss"]
[EventRounds "7"]
[EventCountry "NED"]
[Source "P.Boonen"]
[SourceDate "2015.10.01"]

1. d4 Nf6 2. c4 g6 3. Nc3 d5 4. Bf4 Bg7 5. e3 c5 6. dxc5 Qa5 7. Rc1 dxc4 8.
Bxc4 O-O 9. Nf3 Qxc5 10. Nb5 Qb4+ 11. Kf1 Be6 12. Qb3 Bxc4+ 13. Rxc4 Qxb3 14.
axb3 Nc6 15. Nbd4 Rfd8 16. Ke2 Nxd4+ 17. Nxd4 Nd5 18. Bg3 Rd7 19. Rhc1 f5 20.
Ne6 Bxb2 21. Rc8+ Rxc8 22. Rxc8+ Kf7 23. Ng5+ Kg7 24. Bh4 Nb6 25. Ne6+ Kf7 26.
Ng5+ Kg7 27. Ne6+ Kf7 28. Ng5+ 1/2-1/2

[Event "BPB Limburg open B"]
[Site "Maastricht"]
[Date "2015.05.24"]
[Round "4"]
[White "Geboers, Jimmy"]
[Black "Wedda, Dries"]
[Result "1/2-1/2"]
[WhiteElo "1889"]
[BlackElo "1674"]
[PlyCount "124"]
[EventDate "2015.05.22"]
[EventType "swiss"]
[EventRounds "7"]
[EventCountry "NED"]
[Source "P.Boonen"]
[SourceDate "2015.10.01"]

1. d4 Nf6 2. c4 e6 3. g3 d5 4. Bg2 c6 5. cxd5 exd5 6. Nf3 Bd6 7. Qc2 O-O 8. O-O
h6 9. Nc3 Na6 10. a3 Be6 11. b4 Qd7 12. Bb2 Bf5 13. Qb3 Nc7 14. Nd2 Rfe8 15. e3
Bh3 16. Na4 Bxg2 17. Kxg2 b6 18. Rac1 Ne6 19. h4 g6 20. Nc3 b5 21. a4 a6 22.
Ne2 Rac8 23. Ra1 Ng7 24. Rfc1 Nf5 25. Nf1 h5 26. axb5 axb5 27. Ra6 Qb7 28. Rca1
Ra8 29. Qa2 Rxa6 30. Qxa6 Qxa6 31. Rxa6 Rc8 32. Ba3 Kf8 33. f3 Ne7 34. Nd2 Ke8
35. e4 Bb8 36. Nc3 Kd7 37. Nb3 dxe4 38. fxe4 Ng4 39. Nc5+ Kd8 40. Bc1 Nf6 41.
Bg5 Nd7 42. Nb3 f6 43. Bf4 Bxf4 44. gxf4 Rb8 45. Na5 Rb6 46. Rxb6 Nxb6 47. Kf3
f5 48. e5 Kd7 49. Nb3 Na4 50. Nxa4 bxa4 51. Nc5+ Kd8 52. Nxa4 Nd5 53. Kg3 Nxb4
54. Nc3 Kd7 55. Kf3 Nd5 56. Nxd5 cxd5 57. Ke3 Kc6 58. Kd3 Kb6 59. Kc3 Kc6 60.
Kb4 Kb6 61. Kc3 Kb5 62. Kb3 Kb6 1/2-1/2

[Event "BPB Limburg open B"]
[Site "Maastricht"]
[Date "2015.05.24"]
[Round "4"]
[White "Heuts, John"]
[Black "Zatyko, Ferry"]
[Result "1-0"]
[WhiteElo "1880"]
[BlackElo "1777"]
[PlyCount "64"]
[EventDate "2015.05.22"]
[EventType "swiss"]
[EventRounds "7"]
[EventCountry "NED"]
[Source "P.Boonen"]
[SourceDate "2015.10.01"]

1. c4 c5 2. Nc3 g6 3. g3 Bg7 4. Bg2 Nc6 5. Nf3 Nf6 6. O-O O-O 7. d3 d5 8. cxd5
Nxd5 9. Bd2 Nxc3 10. Bxc3 e5 11. Qc2 Rb8 12. Rab1 Be6 13. b4 cxb4 14. Bxb4 Nxb4
15. Rxb4 Bd5 16. Nd2 Bxg2 17. Kxg2 Qd5+ 18. f3 Rfc8 19. Rc4 Rxc4 20. Qxc4 Qxc4
21. Nxc4 Rc8 22. Rb1 b6 23. a4 f6 24. Rb5 Kf7 25. h4 Ke7 26. a5 Rc5 27. axb6
axb6 28. Rxb6 Rc7 29. g4 Ra7 30. h5 Bh6 31. Kf2 gxh5 32. Nxe5 hxg4 1-0

[Event "BPB Limburg open B"]
[Site "Maastricht"]
[Date "2015.05.24"]
[Round "4"]
[White "Hilwerda, Jonas"]
[Black "Senders, Justin"]
[Result "0-1"]
[WhiteElo "1716"]
[BlackElo "1986"]
[PlyCount "64"]
[EventDate "2015.05.22"]
[EventType "swiss"]
[EventRounds "7"]
[EventCountry "NED"]
[Source "P.Boonen"]
[SourceDate "2015.10.01"]

1. e4 c5 2. Nf3 e6 3. d4 cxd4 4. Nxd4 Nc6 5. Nc3 Qc7 6. Be3 a6 7. a3 b5 8. Nxc6
Qxc6 9. Bd3 Bb7 10. Ne2 Qc7 11. O-O Nf6 12. f3 d5 13. exd5 Nxd5 14. Bf2 Bc5 15.
Qe1 Qb6 16. Bxc5 Qxc5+ 17. Qf2 Rc8 18. Qxc5 Rxc5 19. c3 Nb6 20. Rac1 Bd5 21.
Rfd1 Ke7 22. Rd2 Rd8 23. Nd4 Kf6 24. Be4 Nc4 25. Re2 Bxe4 26. fxe4 Ke7 27. Kf2
Nxb2 28. Nb3 Nd3+ 29. Ke3 Nxc1 30. Nxc5 Nxe2 31. Kxe2 Rc8 32. Nxa6 Rxc3 0-1

[Event "BPB Limburg open B"]
[Site "Maastricht"]
[Date "2015.05.24"]
[Round "4"]
[White "Holwijn, Melvin"]
[Black "Veelenturf, Wim"]
[Result "1-0"]
[WhiteElo "1927"]
[BlackElo "1712"]
[PlyCount "65"]
[EventDate "2015.05.22"]
[EventType "swiss"]
[EventRounds "7"]
[EventCountry "NED"]
[Source "P.Boonen"]
[SourceDate "2015.10.01"]

1. d4 d5 2. Nf3 Nf6 3. c4 c6 4. Nc3 e6 5. cxd5 exd5 6. Bg5 Be7 7. Qc2 Bg4 8. e3
Nbd7 9. Bd3 h6 10. Bf4 Nh5 11. Ne5 Nxf4 12. exf4 Nxe5 13. fxe5 Bb4 14. h3 Be6
15. O-O Qb6 16. Ne2 Be7 17. Rad1 O-O-O 18. a3 Rdf8 19. b4 a6 20. Nf4 Kd7 21.
Bf5 Qd8 22. Bxe6+ fxe6 23. Ng6 Rf5 24. Nxh8 Qxh8 25. f4 Qf8 26. Qd2 h5 27. g4
hxg4 28. hxg4 Rf7 29. Qh2 g6 30. Rf3 Qg8 31. Rh3 g5 32. f5 exf5 33. e6+ 1-0

[Event "BPB Limburg open B"]
[Site "Maastricht"]
[Date "2015.05.24"]
[Round "4"]
[White "Hoornstra, Hans"]
[Black "Tutenel, Erik"]
[Result "1/2-1/2"]
[WhiteElo "1955"]
[BlackElo "1853"]
[PlyCount "57"]
[EventDate "2015.05.22"]
[EventType "swiss"]
[EventRounds "7"]
[EventCountry "NED"]
[Source "P.Boonen"]
[SourceDate "2015.10.01"]

1. e4 e5 2. Nf3 Nc6 3. d4 exd4 4. Bc4 Nf6 5. e5 d5 6. Bb5 Ne4 7. Nxd4 Bc5 8.
Be3 Bd7 9. Bxc6 bxc6 10. Nd2 Nxd2 11. Qxd2 Qe7 12. Nb3 Bb6 13. Qc3 O-O 14. Nc5
f6 15. O-O fxe5 16. Nxd7 Qxd7 17. Qxe5 Rae8 18. Qc3 Bxe3 19. fxe3 Rxf1+ 20.
Rxf1 Re4 21. Qc5 Qe8 22. Qxa7 Rxe3 23. Qc5 Re2 24. a4 h6 25. Qc3 Qe4 26. Rf2
Re1+ 27. Rf1 Re2 28. Rf2 Re1+ 29. Rf1 1/2-1/2

[Event "BPB Limburg open B"]
[Site "Maastricht"]
[Date "2015.05.24"]
[Round "4"]
[White "Kalle, Erwin"]
[Black "Toll, Maarten"]
[Result "1-0"]
[WhiteElo "1744"]
[BlackElo "1886"]
[PlyCount "55"]
[EventDate "2015.05.22"]
[EventType "swiss"]
[EventRounds "7"]
[EventCountry "NED"]
[Source "P.Boonen"]
[SourceDate "2015.10.01"]

1. e4 c5 2. Nc3 e6 3. f4 a6 4. g3 b5 5. Bg2 Bb7 6. d3 h5 7. Nf3 Nc6 8. O-O Be7
9. h3 f6 10. f5 Qc7 11. Ne2 Nh6 12. Nh4 O-O-O 13. Nf4 exf5 14. Nd5 Qb8 15. Bxh6
Rxh6 16. Nxf5 Bd6 17. Nxh6 gxh6 18. Qxh5 Nd4 19. c3 Nc2 20. Rac1 Bxd5 21. exd5
Ne3 22. Rf3 Nxg2 23. Kxg2 Rg8 24. g4 Kb7 25. Qf7 Qc8 26. Rxf6 Bb8 27. Re1 Rg5
28. Re7 1-0

[Event "BPB Limburg open B"]
[Site "Maastricht"]
[Date "2015.05.24"]
[Round "4"]
[White "Kastelein, Gerard"]
[Black "Snoeck, Rene"]
[Result "0-1"]
[WhiteElo "1816"]
[BlackElo "1956"]
[PlyCount "37"]
[EventDate "2015.05.22"]
[EventType "swiss"]
[EventRounds "7"]
[EventCountry "NED"]
[Source "P.Boonen"]
[SourceDate "2015.10.01"]

1. c4 c6 2. Nc3 d5 3. d4 Nf6 4. Bf4 e6 5. Nf3 Nbd7 6. cxd5 exd5 7. e3 Be7 8.
Bd3 O-O 9. Ne5 Re8 10. O-O Nf8 11. Bg3 Bb4 12. Qf3 Ng6 13. Bxg6 hxg6 14. Bh4
Be6 15. Qg3 Be7 16. f4 Nh5 17. Bxe7 Nxg3 18. Bxd8 Nxf1 19. Kxf1 {.....} 0-1

[Event "BPB Limburg open B"]
[Site "Maastricht"]
[Date "2015.05.24"]
[Round "4"]
[White "Keetman, Sandra"]
[Black "Coenen, Bert"]
[Result "0-1"]
[WhiteElo "1710"]
[BlackElo "1846"]
[PlyCount "62"]
[EventDate "2015.05.22"]
[EventType "swiss"]
[EventRounds "7"]
[EventCountry "NED"]
[Source "P.Boonen"]
[SourceDate "2015.10.01"]

1. e4 d6 2. Nc3 Nf6 3. d4 e5 4. dxe5 dxe5 5. Qxd8+ Kxd8 6. Bc4 Bb4 7. Bg5 Bxc3+
8. bxc3 Ke7 9. Nf3 Nbd7 10. O-O h6 11. Bh4 Re8 12. Rfe1 a6 13. Rad1 Kf8 14. h3
Nb6 15. Bb3 Nfd7 16. Bg3 a5 17. a3 g5 18. Nd2 f6 19. Nf1 Nc5 20. f3 Nxb3 21.
cxb3 Be6 22. c4 a4 23. c5 Nc8 24. b4 c6 25. Rd2 Na7 26. Ne3 Nb5 27. Nc2 Red8
28. Rde2 Rd3 29. Ra1 Rad8 30. Be1 Rd1 31. Re3 Bb3 0-1

[Event "BPB Limburg open B"]
[Site "Maastricht"]
[Date "2015.05.24"]
[Round "4"]
[White "Klein, Gernot"]
[Black "Willockx, Ritsaart"]
[Result "0-1"]
[WhiteElo "1971"]
[BlackElo "1908"]
[PlyCount "72"]
[EventDate "2015.05.22"]
[EventType "swiss"]
[EventRounds "7"]
[EventCountry "NED"]
[Source "P.Boonen"]
[SourceDate "2015.10.01"]

1. e4 g6 2. d4 Bg7 3. Nc3 c6 4. f4 d5 5. e5 h5 6. Nf3 Bg4 7. Bd3 e6 8. Be3 Nh6
9. h3 Bf5 10. Be2 Nd7 11. Bf2 Qb6 12. Na4 Qa5+ 13. c3 b5 14. Nc5 Nxc5 15. dxc5
b4 16. cxb4 Qxb4+ 17. Qd2 Qxd2+ 18. Nxd2 Rb8 19. Bd4 Bc2 20. O-O Nf5 21. Bc3
Bf8 22. b4 d4 23. Bb2 Rxb4 24. Ba3 Ra4 25. Rf3 d3 26. Bxd3 Bxd3 27. Rxd3 Rxa3
28. Nb3 a5 29. Rad1 Be7 30. Rd7 a4 31. Rb7 O-O 32. Na5 Bxc5+ 33. Kh2 Rxa2 34.
Nxc6 Rxg2+ 35. Kxg2 Ne3+ 36. Kf3 Nxd1 {.....} 0-1

[Event "BPB Limburg open B"]
[Site "Maastricht"]
[Date "2015.05.24"]
[Round "4"]
[White "Koelmans, Jan Willem"]
[Black "De Boer, Bas"]
[Result "1-0"]
[WhiteElo "1905"]
[BlackElo "1763"]
[PlyCount "59"]
[EventDate "2015.05.22"]
[EventType "swiss"]
[EventRounds "7"]
[EventCountry "NED"]
[Source "P.Boonen"]
[SourceDate "2015.10.01"]

1. d4 d5 2. c4 c6 3. Nf3 Nf6 4. Nc3 e6 5. Bg5 h6 6. Bxf6 Qxf6 7. e3 Qd8 8. Bd3
Nd7 9. O-O Be7 10. Rc1 O-O 11. Qe2 b6 12. e4 dxe4 13. Nxe4 Bb7 14. Rfd1 Re8 15.
Ne5 Qc7 16. Qh5 Rf8 17. Bb1 Rad8 18. Ng4 f5 19. Nxh6+ gxh6 20. Qg6+ Kh8 21.
Qxh6+ Kg8 22. Qg6+ Kh8 23. Rc3 Qf4 24. Qh5+ Kg7 25. Rg3+ Qxg3 26. Nxg3 Rh8 27.
Qe2 Kf7 28. Re1 Nf8 29. Bxf5 Bb4 30. Bxe6+ 1-0

[Event "BPB Limburg open B"]
[Site "Maastricht"]
[Date "2015.05.24"]
[Round "4"]
[White "Kuehn, Patrick1"]
[Black "Kronseder, Michael"]
[Result "0-1"]
[WhiteElo "2039"]
[BlackElo "1809"]
[PlyCount "144"]
[EventDate "2015.05.22"]
[EventType "swiss"]
[EventRounds "7"]
[EventCountry "NED"]
[Source "P.Boonen"]
[SourceDate "2015.10.01"]

1. e4 c5 2. Nf3 g6 3. c4 Bg7 4. d4 cxd4 5. Nxd4 Nc6 6. Nc2 Nf6 7. Nc3 O-O 8.
Be2 a6 9. Be3 Qa5 10. O-O Rb8 11. Rb1 e6 12. b4 Qc7 13. f4 d5 14. cxd5 exd5 15.
Nxd5 Nxd5 16. exd5 Rd8 17. Bf3 Be6 18. b5 Ne7 19. b6 Qc4 20. d6 Nf5 21. Be2
Qxa2 22. Nb4 Nxe3 23. Nxa2 Nxd1 24. Rfxd1 Bxa2 25. Rbc1 Bf8 26. d7 Bb3 27. Rd4
a5 28. Bb5 a4 29. Re4 Be6 30. Bxa4 Bxd7 31. Rd1 Bxa4 32. Rxd8 Rxd8 33. Rxa4
Bc5+ 34. Kf1 Bxb6 35. Rb4 Rd6 36. Ke2 Kf8 37. Kf3 f5 38. g4 Ke7 39. gxf5 gxf5
40. Kg3 Kd7 41. Kh4 Kc6 42. Kg5 Bc5 43. Rb3 Rd7 44. Rh3 Rd5 45. Rxh7 b5 46.
Rh6+ Bd6 47. Re6 b4 48. h4 Kd7 49. Re2 Bc5 50. h5 Bd4 51. h6 b3 52. h7 b2 53.
Re5 Bxe5 54. fxe5 b1=Q 55. h8=Q Qc1+ 56. Kf6 Qc6+ 57. Kxf5 Qc2+ 58. Kg5 Qd2+
59. Kg6 Qd3+ 60. Kf7 Qf3+ 61. Qf6 Qxf6+ 62. Kxf6 Ke8 63. Ke6 Rd7 64. Kf6 Re7
65. e6 Kf8 66. Ke5 Kg7 67. Kf5 Ra7 68. Ke5 Re7 69. Kf5 Re8 70. Ke5 Kg6 71. Kd5
Kf6 72. Kd6 Rxe6+ 0-1

[Event "BPB Limburg open B"]
[Site "Maastricht"]
[Date "2015.05.24"]
[Round "4"]
[White "Leentjens, Gilbert"]
[Black "Ramaekers, Philippe1"]
[Result "1-0"]
[WhiteElo "1818"]
[BlackElo "1883"]
[PlyCount "125"]
[EventDate "2015.05.22"]
[EventType "swiss"]
[EventRounds "7"]
[EventCountry "NED"]
[Source "P.Boonen"]
[SourceDate "2015.10.01"]

1. e4 e5 2. Nc3 Nf6 3. f4 d5 4. fxe5 Nxe4 5. Nf3 Bc5 6. Qe2 Bf2+ 7. Kd1 Nxc3+
8. bxc3 Bb6 9. d4 O-O 10. Bf4 c5 11. Qf2 cxd4 12. cxd4 Bf5 13. h3 Qc8 14. Rc1
Qc3 15. Qe3 Rc8 16. Bd3 Bxd3 17. e6 Bxc2+ 18. Ke2 Qc4+ 19. Kf2 fxe6 20. Kg3 Na6
21. Qxe6+ Kh8 22. Ne5 Qc3+ 23. Kh2 Rf8 24. Nf7+ Rxf7 25. Qxf7 Bc7 26. Bxc7 Nxc7
27. Rhf1 h6 28. Rf2 Qxd4 29. Rfxc2 Qe5+ 30. Kh1 Ne6 31. Qxb7 Rf8 32. Rc8 Rxc8
33. Rxc8+ Kh7 34. Qb1+ g6 35. Qb7+ Ng7 36. Qxa7 Qe1+ 37. Qg1 Qe4 38. Rd8 h5 39.
Qd1 Nf5 40. Rd7+ Kh6 41. Qc1+ Ne3 42. Qb2 Nf5 43. Qc1+ Ne3 44. Qb2 Nf5 45. Qd2+
Ne3 46. a4 Qb1+ 47. Kh2 Qb8+ 48. g3 Qe5 49. Qf2 Nc4 50. Qf8+ Kg5 51. Qd8+ Kh6
52. Qf8+ Kg5 53. Qe7+ Qxe7 54. Rxe7 Kf6 55. Rc7 Ke6 56. Rc6+ Kf5 57. Kg2 g5 58.
Kf2 Ke4 59. Rg6 Kd4 60. Rxg5 Nd2 61. Rxh5 Ne4+ 62. Kf3 Kc4 63. Rh4 1-0

[Event "BPB Limburg open B"]
[Site "Maastricht"]
[Date "2015.05.24"]
[Round "4"]
[White "Leontiev, Oleg"]
[Black "Winand, Michael"]
[Result "1-0"]
[WhiteElo "1929"]
[BlackElo "1757"]
[PlyCount "49"]
[EventDate "2015.05.22"]
[EventType "swiss"]
[EventRounds "7"]
[EventCountry "NED"]
[Source "P.Boonen"]
[SourceDate "2015.10.01"]

1. d4 Nf6 2. Nf3 g6 3. c4 Bg7 4. Nc3 d5 5. cxd5 Nxd5 6. e4 Nxc3 7. bxc3 c5 8.
Be3 O-O 9. Be2 Qc7 10. O-O b6 11. Rc1 Bb7 12. d5 Nd7 13. c4 Ne5 14. Nxe5 Qxe5
15. Bd3 e6 16. f4 Qc7 17. Qf3 f5 18. exf5 exd5 19. fxg6 d4 20. Qh3 h6 21. Bd2
Rae8 22. f5 Qc6 23. Rf2 Re3 24. Bxe3 dxe3 25. Re2 1-0

[Event "BPB Limburg open B"]
[Site "Maastricht"]
[Date "2015.05.24"]
[Round "4"]
[White "Londers, Jan"]
[Black "Clermonts, Jeroen"]
[Result "0-1"]
[WhiteElo "1835"]
[BlackElo "1993"]
[PlyCount "72"]
[EventDate "2015.05.22"]
[EventType "swiss"]
[EventRounds "7"]
[EventCountry "NED"]
[Source "P.Boonen"]
[SourceDate "2015.10.01"]

1. e4 e5 2. Nf3 Nc6 3. Nc3 Nf6 4. d4 exd4 5. Nxd4 Bb4 6. Nxc6 bxc6 7. Bd3 d5 8.
e5 Ng4 9. Bf4 Qe7 10. O-O g5 11. Bg3 h5 12. h3 h4 13. Bh2 Nxh2 14. Kxh2 Qxe5+
15. f4 Qf6 16. Qe2+ Kf8 17. fxg5 Bd6+ 18. Kh1 Qxg5 19. Qf3 Qg7 20. Nxd5 cxd5
21. Qxd5 Rb8 22. Bc4 Rh7 23. Rxf7+ Qxf7 24. Rf1 Qxf1+ 25. Bxf1 Bb7 26. Qf5+ Rf7
27. Qd3 Re8 28. Be2 Rf2 29. Qg6 Rexe2 30. Qh6+ Ke7 31. Qg7+ Kd8 32. Qg8+ Rf8
33. Qg5+ Re7 34. Kg1 Kc8 35. Qxh4 Ref7 36. Qg4+ Kb8 0-1

[Event "BPB Limburg open B"]
[Site "Maastricht"]
[Date "2015.05.24"]
[Round "4"]
[White "Loose, Rob"]
[Black "Nguyen, Sang"]
[Result "1-0"]
[WhiteElo "1908"]
[BlackElo "1803"]
[PlyCount "67"]
[EventDate "2015.05.22"]
[EventType "swiss"]
[EventRounds "7"]
[EventCountry "NED"]
[Source "P.Boonen"]
[SourceDate "2015.10.01"]

1. e4 d5 2. exd5 Qxd5 3. Nc3 Qd8 4. d4 Nf6 5. Bf4 c6 6. Qd2 Bf5 7. Nf3 e6 8. a3
Bd6 9. O-O-O b5 10. d5 exd5 11. Nd4 Be6 12. Bd3 O-O 13. f3 a5 14. Bg3 b4 15.
Nb1 bxa3 16. Nxa3 Bb4 17. c3 Bxa3 18. bxa3 Qd7 19. Bh4 Ne8 20. g4 Nc7 21. Nf5
f6 22. Rhe1 Nba6 23. Bg3 Nc5 24. Bc2 a4 25. Nd4 Bf7 26. Qf4 N7a6 27. Qd6 Rfc8
28. Qxd7 Nxd7 29. Nf5 Kh8 30. Re7 Be8 31. Nxg7 Ndc5 32. Rde1 Bg6 33. Nf5 Nb3+
34. Kd1 {.....} 1-0

[Event "BPB Limburg open B"]
[Site "Maastricht"]
[Date "2015.05.24"]
[Round "4"]
[White "Mestrom, Ton"]
[Black "Goes, Dirk"]
[Result "1/2-1/2"]
[WhiteElo "1729"]
[BlackElo "1936"]
[PlyCount "63"]
[EventDate "2015.05.22"]
[EventType "swiss"]
[EventRounds "7"]
[EventCountry "NED"]
[Source "P.Boonen"]
[SourceDate "2015.10.01"]

1. d4 e6 2. g3 Nf6 3. Bg2 d5 4. Nf3 Nbd7 5. O-O Bd6 6. c4 c6 7. b3 O-O 8. Bb2
Qc7 9. Nc3 a6 10. Rc1 Qb8 11. e4 Bb4 12. e5 Ne8 13. Ne2 Be7 14. Nf4 Nc7 15. Bh3
Re8 16. Nh4 Nf8 17. Qg4 Bd7 18. Nh5 Ng6 19. f4 Qc8 20. f5 exf5 21. Nxf5 Bxf5
22. Rxf5 Qe6 23. c5 Rf8 24. Rcf1 Rae8 25. a4 f6 26. Bc1 fxe5 27. Nxg7 Kxg7 28.
Bh6+ Kg8 29. Rxf8+ Rxf8 30. Qxe6+ Nxe6 31. Bxe6+ Rf7 32. Be3 1/2-1/2

[Event "BPB Limburg open B"]
[Site "Maastricht"]
[Date "2015.05.24"]
[Round "4"]
[White "Mitran, Anthony Cristian"]
[Black "Uckerman, John"]
[Result "1-0"]
[WhiteElo "1870"]
[BlackElo "1705"]
[PlyCount "73"]
[EventDate "2015.05.22"]
[EventType "swiss"]
[EventRounds "7"]
[EventCountry "NED"]
[Source "P.Boonen"]
[SourceDate "2015.10.01"]

1. d4 Nf6 2. c4 d6 3. Nf3 Nbd7 4. Nc3 c6 5. e4 e5 6. g3 Be7 7. Bg2 h6 8. O-O g5
9. b3 Qc7 10. Bb2 Rg8 11. Qd3 h5 12. Ne2 Nh7 13. b4 g4 14. Nd2 h4 15. c5 dxc5
16. dxc5 b5 17. Nc3 Ndf8 18. Nd1 Ng5 19. Ne3 Be6 20. Nf5 Ng6 21. a4 Rd8 22. Qe2
h3 23. Bh1 Bxf5 24. exf5 Nf4 25. Qxe5 Qxe5 26. Bxc6+ Kf8 27. Bxe5 Ne2+ 28. Kh1
Rxd2 29. f6 Bxf6 30. Bxf6 Rg6 31. Bxg5 Rxg5 32. axb5 Nd4 33. Rad1 Rxd1 34. Rxd1
Re5 35. Bd7 f5 36. b6 axb6 37. cxb6 1-0

[Event "BPB Limburg open B"]
[Site "Maastricht"]
[Date "2015.05.24"]
[Round "4"]
[White "Oostvogels, Niek"]
[Black "Van den Akker, Guus"]
[Result "0-1"]
[WhiteElo "1888"]
[BlackElo "1753"]
[PlyCount "78"]
[EventDate "2015.05.22"]
[EventType "swiss"]
[EventRounds "7"]
[EventCountry "NED"]
[Source "P.Boonen"]
[SourceDate "2015.10.01"]

1. e4 e6 2. d4 d5 3. e5 c5 4. c3 Nc6 5. Nf3 Bd7 6. Bd3 cxd4 7. cxd4 Qb6 8. O-O
Nxd4 9. Nbd2 Nxf3+ 10. Nxf3 Rc8 11. Ng5 Bb5 12. Qf3 Nh6 13. Be3 Bc5 14. Bxc5
Rxc5 15. Rfc1 Bxd3 16. Rxc5 Qxc5 17. Qxd3 Kd7 18. b4 Qc4 19. Qxc4 dxc4 20. b5
Rc8 21. Rc1 Rc5 22. a4 Rxe5 23. Nxh7 Ke7 24. f4 Re4 25. g3 f6 26. Kf2 Nf5 27.
Kf3 Rd4 28. g4 Nd6 29. g5 Kf7 30. Re1 Rd3+ 31. Kg4 f5+ 32. Kh4 Ne4 33. g6+ Kxg6
34. Ng5 Nxg5 35. fxg5 Rd4+ 36. Kg3 Re4 37. Rc1 Kxg5 38. a5 Kf6 39. h4 Rg4+ 0-1

[Event "BPB Limburg open B"]
[Site "Maastricht"]
[Date "2015.05.24"]
[Round "4"]
[White "Orbons, Richard"]
[Black "Mestrom, Wolf"]
[Result "1/2-1/2"]
[WhiteElo "1578"]
[BlackElo "1834"]
[PlyCount "61"]
[EventDate "2015.05.22"]
[EventType "swiss"]
[EventRounds "7"]
[EventCountry "NED"]
[Source "P.Boonen"]
[SourceDate "2015.10.01"]

1. Nf3 c5 2. g3 Nc6 3. Bg2 d5 4. O-O e5 5. d3 h6 6. e4 d4 7. c4 Bg4 8. h3 Be6
9. a3 Qd7 10. Kh2 g5 11. Nxe5 Nxe5 12. f4 gxf4 13. gxf4 Nxc4 14. f5 Bd6+ 15.
Kh1 Na5 16. fxe6 Qxe6 17. Qa4+ Nc6 18. Bf4 Bxf4 19. Rxf4 Nge7 20. Nd2 Ng6 21.
Rf5 Nh4 22. Nf3 Nxf5 23. exf5 Qf6 24. Ne5 Qxe5 25. Bxc6+ bxc6 26. Qxc6+ Ke7 27.
f6+ Qxf6 28. Re1+ Qe6 29. Rxe6+ fxe6 30. Qxc5+ Kf7 31. Qc7+ 1/2-1/2

[Event "BPB Limburg open B"]
[Site "Maastricht"]
[Date "2015.05.24"]
[Round "4"]
[White "Peeters, Joep"]
[Black "Cote, Frederic"]
[Result "0-1"]
[WhiteElo "1782"]
[BlackElo "1950"]
[PlyCount "68"]
[EventDate "2015.05.22"]
[EventType "swiss"]
[EventRounds "7"]
[EventCountry "NED"]
[Source "P.Boonen"]
[SourceDate "2015.10.01"]

1. e4 c5 2. d4 cxd4 3. c3 dxc3 4. Nxc3 e6 5. Nf3 Bc5 6. Bc4 a6 7. a3 b5 8. Ba2
Ne7 9. Bf4 Qb6 10. O-O Ng6 11. Bg3 O-O 12. Rc1 Bb7 13. Qd3 Nc6 14. Rfd1 Rfd8
15. h4 h6 16. h5 Nf8 17. b4 Be7 18. Bf4 Rac8 19. e5 Nb8 20. Be3 Qc6 21. Qf1 d6
22. Nd4 Qe8 23. exd6 Bxd6 24. Qe2 Qe7 25. Nf3 Nbd7 26. Bb1 Ne5 27. Nxe5 Bxe5
28. Ne4 Bxe4 29. Bxe4 Qh4 30. f3 Bg3 31. Kf1 Qxh5 32. Rxd8 Qh1+ 33. Bg1 Rxc1+
34. Rd1 Bh2 0-1

[Event "BPB Limburg open B"]
[Site "Maastricht"]
[Date "2015.05.24"]
[Round "4"]
[White "Pijlman, Rene"]
[Black "Wuijts, Johan"]
[Result "1/2-1/2"]
[WhiteElo "1956"]
[BlackElo "1782"]
[PlyCount "39"]
[EventDate "2015.05.22"]
[EventType "swiss"]
[EventRounds "7"]
[EventCountry "NED"]
[Source "P.Boonen"]
[SourceDate "2015.10.01"]

1. e4 e6 2. d4 d5 3. Nd2 Nf6 4. e5 Nfd7 5. Bd3 c5 6. c3 Nc6 7. Ngf3 cxd4 8.
cxd4 f6 9. exf6 Nxf6 10. O-O Bd6 11. Nb3 Bd7 12. Bg5 Qc7 13. Bh4 O-O 14. Bg3
Bxg3 15. fxg3 e5 16. dxe5 Nxe5 17. Nbd4 Rac8 18. Re1 Nxd3 19. Qxd3 Qc4 20. Qa3
1/2-1/2

[Event "BPB Limburg open B"]
[Site "Maastricht"]
[Date "2015.05.24"]
[Round "4"]
[White "Reichardt, Monica"]
[Black "Da Ces, Philippe"]
[Result "0-1"]
[WhiteElo "1860"]
[BlackElo "1976"]
[PlyCount "118"]
[EventDate "2015.05.22"]
[EventType "swiss"]
[EventRounds "7"]
[EventCountry "NED"]
[Source "P.Boonen"]
[SourceDate "2015.10.01"]

1. e4 d5 2. exd5 Qxd5 3. d4 Nc6 4. Nf3 Bg4 5. Be2 O-O-O 6. Be3 e5 7. c4 Qa5+ 8.
Bd2 Bb4 9. d5 Bxf3 10. Bxf3 Bxd2+ 11. Nxd2 Nd4 12. O-O Qb4 13. b3 f5 14. Re1
Qe7 15. Be2 Nf6 16. Nf3 Nxf3+ 17. Bxf3 e4 18. Qd2 Kb8 19. b4 c6 20. Be2 cxd5
21. Qf4+ Qc7 22. Qxf5 dxc4 23. Rac1 c3 24. Bd1 Rhe8 25. Bc2 Rd5 26. Qh3 Rh5 27.
Qg3 Qxg3 28. fxg3 a5 29. a3 axb4 30. axb4 Re7 31. Ba4 Rc7 32. h3 Rd5 33. Bc2
Rd4 34. b5 Rb4 35. Rb1 Rb2 36. Rec1 Rc5 37. Kf1 Rbxb5 38. Ke2 Rxb1 39. Rxb1 Kc7
40. Ke3 Kc6 41. Rc1 Rc4 42. Bb3 Nd5+ 43. Ke2 Rc5 44. Bc2 Nf6 45. Ke3 h6 46. Rb1
Rc4 47. Rc1 Nd5+ 48. Ke2 Rd4 49. Bb3 Rd2+ 50. Ke1 Rd3 51. g4 b5 52. Bc2 Rd4 53.
g3 Nb4 54. Bb1 Nd3+ 55. Bxd3 Rxd3 56. Kf2 b4 57. h4 b3 58. g5 b2 59. Rb1 c2 0-1